Organic chemistry : (Record no. 20767)
[ view plain ]
| 000 -LEADER | |
|---|---|
| fixed length control field | 00615cam a22002177i 4500 |
| 020 ## - INTERNATIONAL STANDARD BOOK NUMBER | |
| ISBN | 9781319079451 |
| 020 ## - INTERNATIONAL STANDARD BOOK NUMBER | |
| ISBN | 1319079458 |
| 040 ## - CATALOGING SOURCE | |
| Transcribing agency | YDX |
| 082 04 - DEWEY DECIMAL CLASSIFICATION NUMBER | |
| Classification number | 547 VOL 2018 A006 Or. |
| 100 1# - MAIN ENTRY--AUTHOR NAME | |
| Personal name | Vollhardt, K. Peter C., |
| 245 10 - TITLE STATEMENT | |
| Title | Organic chemistry : |
| Remainder of title | structure and function / |
| 250 ## - EDITION STATEMENT | |
| Edition statement | 8e. |
| 300 ## - PHYSICAL DESCRIPTION | |
| Number of Pages | xxxii, 1335, A-73, I-24 pages : |
| Other physical details | illustrations (chiefly color) ; |
| Dimensions | 29 cm |
| 500 ## - GENERAL NOTE | |
| General note | Previous edition: 2014. |
| 500 ## - GENERAL NOTE | |
| General note | Includes index. |
| 650 #0 - SUBJECT ADDED ENTRY--TOPICAL TERM | |
| Topical Term | Chemistry, Organic |
| 650 #0 - SUBJECT ADDED ENTRY--TOPICAL TERM | |
| Topical Term | Chemistry, Organic |
| 650 #7 - SUBJECT ADDED ENTRY--TOPICAL TERM | |
| Topical Term | Chemistry, Organic. |
| 700 1# - ADDED ENTRY--PERSONAL NAME | |
| Personal name | Schore, Neil Eric, |
| 942 ## - ADDED ENTRY ELEMENTS (KOHA) | |
| Koha item type | ADB |
| 952 ## - LOCATION AND ITEM INFORMATION (KOHA) | |
| Withdrawn status [LOCAL, KOHA] | 0 |
| Permanent Location | Date acquired | Koha item type | Lost status | Shelving location | Barcode | Current Location | Full call number |
|---|---|---|---|---|---|---|---|
| Library Block A | 2022-11-25 | ADB | A035 | a070218 | Library Block A | 547 VOL 2018 A035 Or. |